TUTTI i Comuni della Svizzera con una Mappa! - Statistics

Statistiche generali
  • Questo quiz è stato fatto 526 volte
    191 dall'ultimo reset
  • Il punteggio medio è 137 su 2115
Risposte nella Mappa
Le risposte nella mappa del quiz sottostante sono codificate secondo una scala di colori dal rosso al verde in base alla % di persone che hanno risposto correttamente.
 
Statistiche sulle risposte
Ct. Pop. Comune % Corretto
ZH 433 989 Zurigo
88%
TI 63 495 Lugano
86%
BE 136 988 Berna
82%
GE 206 635 Ginevra
82%
BS 176 329 Basilea
70%
TI 44 743 Bellinzona
66%
LU 85 534 Lucerna
66%
TI 7 565 Chiasso
65%
SG 78 213 San Gallo
64%
VD 144 160 Losanna
60%
TI 16 394 Locarno
60%
TI 15 068 Mendrisio
55%
NE 44 898 Neuchâtel
51%
GR 4 926 St. Moritz
48%
SH 38 666 Sciaffusa
47%
GR 39 242 Coira
44%
ZG 31 995 Zugo
44%
VD 9 272 Le Mont-sur-Lausanne
43%
VD 495 Mont-la-Ville
43%
VD 2 783 Mont-sur-Rolle
43%
VS 36 624 Sion
42%
TI 1 464 Airolo
41%
FR 38 660 Friburgo
40%
GR 3 525 Poschiavo
39%
VS 6 023 Zermatt
39%
AI 6 009 Appenzello
38%
TI 4 485 Stabio
38%
TI 6 136 Biasca
37%
GR 10 800 Davos
37%
BE 43 905 Thun
37%
AG 22 290 Aarau
34%
GL 12 758 Glarona
33%
TI 5 381 Ascona
32%
TI 3 335 Balerna
32%
TI 2 688 Maggia
32%
TI 4 832 Paradiso
32%
ZH 119 315 Winterthur
32%
BE 6 000 Interlaken
31%
TI 2 656 Riva San Vitale
31%
TI 53 Bosco/Gurin
30%
SO 16 855 Soletta
30%
GR 2 625 Roveredo
30%
TI 4 536 Agno
29%
BE 55 932 Bienne
29%
SZ 16 181 Svitto
29%
TI 2 225 Castel San Pietro
29%
TI 2 856 Coldrerio
29%
TI 2 753 Faido
29%
TI 1 783 Melide
29%
TI 1 706 Blenio
28%
TI 4 419 Morbio Inferiore
28%
UR 1 588 Andermatt
27%
UR 10 198 Altdorf
27%
TI 955 Bissone
27%
TI 1 619 Brissago
27%
VD 23 016 Nyon
27%
TI 1 324 Quinto
27%
TI 3 397 Tenero-Contra
27%
TI 101 Bedretto
26%
TI 3 111 Cadenazzo
26%
GR 1 420 Mesocco
26%
TI 2 344 Novazzano
26%
TI 786 Verzasca
26%
ZG 24 973 Baar
25%
TG 26 747 Frauenfeld
25%
NW 8 377 Stans
25%
SG 28 640 Rapperswil-Jona
25%
GR 4 572 Scuol
25%
SO 1 956 Starrkirch-Wil
25%
SG 24 980 Wil
25%
ZH 1 577 Wil
25%
TI 1 823 Acquarossa
24%
TI 5 108 Arbedo-Castione
24%
JU 12 739 Delémont
24%
GR 1 578 Bregaglia
24%
TI 1 936 Breggia
24%
VS 13 976 Briga-Glis
24%
ZG 17 867 Cham
24%
TI 5 086 Gambarogno
24%
TI 4 814 Gordola
24%
TI 6 766 Losone
24%
TI 7 365 Minusio
24%
VD 26 828 Montreux
24%
TI 707 Morcote
24%
TI 2 587 Muralto
24%
BE 2 712 Rapperswil
24%
TI 4 262 Riviera
24%
TI 3 463 Vacallo
24%
TI 3 001 Val Mara
24%
VS 8 483 Visp
24%
TI 955 Arogno
23%
AG 23 587 Baden
23%
TG 3 573 Berg
23%
SG 1 012 Berg
23%
TI 474 Brusino Arsizio
23%
TI 1 098 Centovalli
23%
TI 4 893 Collina d'Oro
23%
TI 2 862 Cugnasco-Gerra
23%
GR 2 080 Disentis/Mustér
23%
TI 1 614 Lumino
23%
TI 4 683 Monteceneri
23%
GR 3 459 Thusis
23%
TI 3 089 Torricella-Taverne
23%
SZ 12 476 Arth
22%
AR 15 893 Herisau
22%
BL 15 834 Liestal
22%
TI 1 580 Cadempino
22%
TI 6 760 Capriasca
22%
TI 4 363 Caslano
22%
GL 19 639 Glarona Nord
22%
GL 9 659 Glarona Sud
22%
TI 1 766 Lamone
22%
GR 528 Lantsch/Lenz
22%
TI 1 238 Lavertezzo
22%
TI 487 Lavizzara
22%
TI 663 Onsernone
22%
ZH 12 509 Pfäffikon
22%
TI 2 646 Sant'Antonino
22%
TI 407 Vico Morcote
22%
ZH 10 562 Wald
22%
BE 1 195 Wald
22%
AR 909 Wald
22%
OW 10 742 Sarnen
21%
FR 26 749 Bulle
21%
BL 283 Burg im Leimental
21%
TI 1 109 Cevio
21%
VS 10 488 Crans-Montana
21%
LU 32 380 Emmen
21%
TI 1 694 Giornico
21%
GR 850 Lostallo
21%
TI 1 368 Mezzovico-Vira
21%
TI 524 Ronco sopra Ascona
21%
GR 1 089 Silvaplana
21%
ZH 8 212 Wangen-Brüttisellen
21%
VD 30 202 Yverdon-les-Bains
21%
SG 8 481 Au
20%
TI 1 568 Avegno Gordevio
20%
BL 3 552 Biel-Benken
20%
TI 2 791 Bioggio
20%
BE 3 278 Brienz
20%
TI 2 183 Comano
20%
TI 394 Isone
20%
VD 432 La Chaux (Cossonay)
20%
TI 1 621 Magliaso
20%
SO 18 715 Olten
20%
GR 2 913 Samedan
20%
SG 6 522 Sargans
20%
VS 17 663 Sierre
20%
TI 3 129 Tresa
20%
GR 1 422 Val Müstair
20%
VD 20 139 Vevey
20%
SZ 5 496 Wangen
20%
BE 2 893 Wangen an der Aare
20%
SO 5 539 Wangen bei Olten
20%
SG 6 835 Bad Ragaz
19%
GR 1 105 Brusio
19%
GR 211 Calanca
19%
GR 1 411 Celerina/Schlarigna
19%
VD 2 439 Crans-près-Céligny
19%
SZ 16 464 Einsiedeln
19%
UR 452 Göschenen
19%
SO 517 Grindel
19%
GR 1 556 Grono
19%
GR 2 112 Laax
19%
SZ 9 458 Lachen
19%
GR 9 191 Landquart
19%
GR 3 193 Maienfeld
19%
TI 6 676 Massagno
19%
TI 699 Orselina
19%
JU 6 601 Porrentruy
19%
TI 1 358 Pura
19%
SG 7 097 Thal
19%
ZH 36 352 Uster
19%
TI 1 386 Alto Malcantone
18%
GR 926 Andeer
18%
UR 1 786 Attinghausen
18%
TI 442 Brione sopra Minusio
18%
NW 5 487 Buochs
18%
TI 49 Campo (Vallemaggia)
18%
TI 38 Cerentino
18%
TI 1 489 Cureglia
18%
GR 8 286 Domat/Ems
18%
ZH 31 506 Dübendorf
18%
OW 4 380 Engelberg
18%
UR 3 950 Erstfeld
18%
GR 2 939 Flims
18%
ZH 23 709 Horgen
18%
GR 4 473 Klosters
18%
BE 42 958 Köniz
18%
ZH 8 157 Langnau am Albis
18%
BE 9 488 Langnau im Emmental
18%
TI 1 340 Manno
18%
VS 21 759 Martigny
18%
GR 328 Medel (Lucmagn)
18%
TI 854 Pollegio
18%
GR 2 077 Pontresina
18%
GR 576 Rheinwald
18%
SG 2 542 Rüthi
18%
ZH 12 862 Rüti
18%
BE 879 Rüti bei Büren
18%
BE 163 Rüti bei Lyssach
18%
TI 2 245 Savosa
18%
TI 2 066 Serravalle
18%
GR 966 Sils im Domleschg
18%
GR 708 Sils im Engadin/Segl
18%
TI 2 139 Sorengo
18%
NW 4 869 Stansstad
18%
AG 3 504 Stein
18%
AR 1 498 Stein
18%
SH 3 548 Stein am Rhein
18%
LU 10 810 Sursee
18%
TI 2 673 Terre di Pedemonte
18%
GR 949 Vals
18%
ZH 25 753 Wädenswil
18%
BL 1 585 Wahlen
18%
SG 5 852 Walenstadt
18%
UR 428 Wassen
18%
GR 168 Avers
17%
GR 3 533 Bonaduz
17%
SH 323 Buch
17%
ZH 1 032 Buch am Irchel
17%
TI 793 Cademario
17%
GR 691 Cama
17%
TI 2 396 Canobbio
17%
TI 181 Dalpe
17%
AG 5 741 Frick
17%
VS 1 157 Goms
17%
TI 455 Grancia
17%
BE 3 825 Grindelwald
17%
SG 5 084 Kaltbrunn
17%
ZH 15 162 Küsnacht
17%
SZ 14 044 Küssnacht
17%
TI 42 Linescio
17%
ZH 4 237 Mönchaltorf
17%
SZ 3 589 Muotathal
17%
TI 309 Personico
17%
SG 3 085 Quarten
17%
AG 13 854 Rheinfelden
17%
ZH 14 209 Richterswil
17%
ZG 11 449 Risch-Rotkreuz
17%
GR 161 Rossa
17%
BE 3 183 Seedorf
17%
UR 2 065 Seedorf
17%
GR 332 Soazza
17%
ZH 18 561 Thalwil
17%
TG 1 131 Uesslingen-Buch
17%
SG 9 161 Wattwil
17%
AG 17 481 Wohlen
17%
BE 9 299 Wohlen bei Bern
17%
SZ 7 568 Wollerau
17%
GR 1 218 Zuoz
17%
OW 6 379 Alpnach
16%
SZ 7 369 Altendorf
16%
SG 1 906 Amden
16%
TG 14 643 Amriswil
16%
GR 3 143 Arosa
16%
ZH 600 Berg am Irchel
16%
VD 514 Bougy-Villars
16%
AG 13 288 Brugg
16%
BE 4 543 Brügg
16%
SG 13 931 Buchs
16%
AG 8 429 Buchs
16%
ZH 6 664 Buchs
16%
TG 4 153 Bürglen
16%
UR 3 853 Bürglen
16%
ZH 8 816 Egg
16%
NW 2 321 Ennetmoos
16%
LU 3 387 Entlebuch
16%
VD 14 018 Gland
16%
SG 18 454 Gossau
16%
ZH 10 569 Gossau
16%
LU 15 475 Horw
16%
UR 176 Hospental
16%
TG 23 241 Kreuzlingen
16%
LU 29 632 Kriens
16%
VS 4 307 Leuk
16%
VD 473 Lussery-Villars
16%
TI 203 Mergoscia
16%
TI 800 Muzzano
16%
ZG 6 543 Oberägeri
16%
TI 1 926 Ponte Capriasca
16%
TI 1 679 Porza
16%
UR 158 Realp
16%
GR 912 San Vittore
16%
UR 5 462 Schattdorf
16%
UR 738 Seelisberg
16%
LU 4 160 Sempach
16%
SZ 3 425 Tuggen
16%
ZG 9 283 Unterägeri
16%
GR 2 675 Untervaz
16%
TI 2 045 Vezia
16%
VD 100 Villars-Epeney
16%
VD 977 Villars-Sainte-Croix
16%
VD 135 Villars-le-Comte
16%
VD 1 297 Villars-le-Terroir
16%
VD 609 Villars-sous-Yens
16%
FR 12 444 Villars-sur-Glâne
16%
ZH 13 570 Zollikon
16%
TI 1 496 Bedano
15%
ZH 721 Dorf
15%
TG 3 939 Erlen
15%
ZH 5 542 Erlenbach
15%
BE 1 743 Erlenbach im Simmental
15%
UR 2 060 Flüelen
15%
SG 5 347 Flums
15%
OW 6 472 Kerns
15%
NE 615 La Brévine
15%
BE 16 077 Langenthal
15%
AG 11 184 Lenzburg
15%
LU 7 771 Meggen
15%
SG 9 538 Mels
15%
AG 11 349 Möhlin
15%
VS 18 886 Monthey
15%
FR 9 531 Morat
15%
VS 640 Obergoms
15%
SZ 4 113 Reichenburg
15%
SZ 84 Riemenstalden
15%
FR 5 891 Romont
15%
BE 234 Romont
15%
SG 9 955 Rorschach
15%
OW 5 294 Sachseln
15%
SG 4 154 Schänis
15%
ZH 20 581 Schlieren
15%
UR 889 Spiringen
15%
ZH 15 067 Stäfa
15%
GR 3 363 Trimmis
15%
SG 1 871 Weesen
15%
ZH 26 462 Wetzikon
15%
GR 1 579 Zernez
15%
GR 3 589 Zizers
15%
BE 4 648 Aarberg
14%
AG 8 891 Aarburg
14%
BE 3 410 Adelboden
14%
TI 350 Aranno
14%
NW 3 736 Beckenried
14%
SG 3 035 Benken
14%
ZH 853 Benken
14%
GR 901 Bergün Filisur
14%
VS 303 Blatten (Lötschen)
14%
GR 2 416 Cazis
14%
NW 5 288 Ennetbürgen
14%
GR 627 Falera
14%
SG 10 631 Flawil
14%
SZ 16 943 Freienbach
14%
AR 3 147 Gais
14%
SZ 5 431 Galgenen
14%
SZ 2 414 Gersau
14%
NW 6 187 Hergiswil
14%
LU 1 928 Hergiswil bei Willisau
14%
ZH 11 832 Hinwil
14%
SZ 184 Innerthal
14%
ZH 21 272 Kloten
14%
GE 36 229 Lancy
14%
GR 732 La Punt Chamues-ch
14%
VS 336 Lax
14%
OW 2 061 Lungern
14%
TI 317 Neggio
14%
LU 4 149 Nottwil
14%
NW 3 105 Oberdorf
14%
BL 2 540 Oberdorf
14%
SO 1 859 Oberdorf
14%
TI 1 529 Origlio
14%
LU 652 Romoos
14%
BE 6 962 Saanen
14%
GR 119 Santa Maria in Calanca
14%
SZ 2 066 Sattel
14%
SZ 9 623 Schübelbach
14%
UR 2 040 Silenen
14%
UR 401 Sisikon
14%
SZ 3 762 Steinen
14%
UR 725 Unterschächen
14%
SG 7 014 Uznach
14%
NE 10 649 Val-de-Travers
14%
SG 5 057 Vilters-Wangs
14%
SZ 1 002 Vorderthal
14%
AG 2 547 Zeiningen
14%
TG 9 485 Aadorf
13%
ZH 19 707 Adliswil
13%
VD 11 412 Aigle
13%
GR 1 313 Albula/Alvra
13%
SZ 637 Alpthal
13%
VS 1 116 Bitsch
13%
GR 91 Buseno
13%
GR 262 Castaneda
13%
GR 2 147 Churwalden
13%
ZH 7 877 Dürnten
13%
SG 5 092 Ebnat-Kappel
13%
NW 1 661 Emmetten
13%
SG 10 169 Eschenbach
13%
LU 3 806 Eschenbach
13%
GR 82 Ferrera
13%
SZ 5 613 Feusisberg
13%
AG 3 876 Gipf-Oberfrick
13%
OW 3 944 Giswil
13%
SG 5 657 Gommiswald
13%
TI 1 365 Gravesano
13%
UR 505 Gurtnellen
13%
ZH 6 751 Herrliberg
13%
SO 3 401 Hofstetten-Flüh
13%
GR 5 030 Ilanz/Glion
13%
SZ 9 346 Ingenbohl
13%
UR 457 Isenthal
13%
SG 9 755 Kirchberg
13%
BE 5 889 Kirchberg
13%
NE 37 233 La Chaux-de-Fonds
13%
SZ 1 130 Lauerz
13%
NE 10 875 Le Locle
13%
TI 2 662 Lema
13%
GR 2 072 Lumnezia
13%
GR 197 Madulain
13%
ZH 11 666 Männedorf
13%
ZH 10 919 Maur
13%
BE 4 798 Meiringen
13%
GE 26 882 Meyrin
13%
SZ 1 253 Morschach
13%
AG 1 549 Mumpf
13%
AG 8 602 Muri
13%
BE 13 530 Muri bei Bern
13%
VS 10 605 Naters
13%
SG 3 833 Nesslau
13%
BE 469 Oberried am Brienzersee
13%
GR 1 148 Obersaxen Mundaun
13%
BE 222 Oeschenbach
13%
SG 1 601 Pfäfers
13%
GR 1 633 Rhäzüns
13%
GR 61 Rongellen
13%
GR 312 Rothenbrunnen
13%
VS 1 592 Saas-Fee
13%
GR 963 Safiental
13%
GR 755 Samnaun
13%
GR 706 S-chanf
13%
SG 4 162 Schmerikon
13%
SO 1 064 Seewen
13%
SZ 957 Steinerberg
13%
GR 151 Sufers
13%
GR 1 079 Sumvitg
13%
GR 1 525 Trin
13%
AR 1 862 Trogen
13%
GR 1 154 Trun
13%
GR 1 171 Tujetsch
13%
SZ 2 462 Unteriberg
13%
TI 631 Vernate
13%
LU 1 430 Vitznau
13%
SG 5 496 Wartau
13%
LU 4 644 Weggis
13%
TG 12 233 Weinfelden
13%
NW 2 110 Wolfenschiessen
13%
AG 897 Zuzgen
13%
ZH 1 998 Aeugst am Albis
12%
BL 22 110 Allschwil
12%
GR 1 713 Breil/Brigels
12%
BE 509 Brienzwiler
12%
ZH 7 614 Bubikon
12%
BE 17 119 Burgdorf
12%
NW 1 875 Dallenwil
12%
ZH 28 201 Dietikon
12%
GR 2 219 Domleschg
12%
ZH 2 379 Freienstein-Teufen
12%
BE 1 472 Guggisberg
12%
BE 1 111 Hasliberg
12%
BE 1 075 Innertkirchen
12%
BE 1 308 Kandersteg
12%
BE 2 315 Lauterbrunnen
12%
ZH 14 751 Meilen
12%
BE 7 171 Moutier
12%
SZ 896 Oberiberg
12%
AG 1 072 Obermumpf
12%
LU 3 695 Rickenbach
12%
TG 3 072 Rickenbach
12%
ZH 2 821 Rickenbach
12%
SO 1 198 Rickenbach
12%
BL 570 Rickenbach
12%
FR 1 223 Ried bei Kerzers
12%
GR 612 Schluein
12%
FR 4 300 Schmitten
12%
GR 209 Schmitten
12%
GR 2 742 Vaz/Obervaz
12%
GE 37 460 Vernier
12%
LU 4 561 Wolhusen
12%
GR 419 Zillis-Reischen
12%
VS 262 Albinen
11%
SG 12 456 Altstätten
11%
SO 274 Beinwil
11%
AG 1 279 Beinwil am See
11%
AG 3 601 Beinwil (Freiamt)
11%
GR 607 Bever
11%
JU 631 Bure
11%
LU 14 662 Ebikon
11%
LU 1 821 Flühli
11%
AG 994 Full-Reuenthal
11%
GR 349 Fürstenau
11%
SG 3 711 Gams
11%
AI 1 464 Gonten
11%
SG 7 402 Grabs
11%
ZH 5 394 Greifensee
11%
BE 542 Hofstetten bei Brienz
11%
ZG 8 990 Hünenberg
11%
ZH 17 679 Illnau-Effretikon
11%
SO 3 511 Kappel
11%
ZH 1 323 Kappel am Albis
11%
BE 2 301 Lenk im Simmental
11%
GR 2 527 Malans
11%
GR 532 Masein
11%
ZG 4 659 Menzingen
11%
VD 6 393 Moudon
11%
GR 371 Muntogna da Schons
11%
SG 6 437 Neckertal
11%
ZG 2 454 Neuheim
11%
SG 9 291 Oberriet
11%
ZH 5 075 Oetwil am See
11%
ZH 2 593 Oetwil an der Limmat
11%
VD 10 545 Payerne
11%
SZ 2 596 Rothenthurm
11%
VS 4 574 Saint-Maurice
11%
SG 5 392 Sevelen
11%
BE 16 467 Steffisburg
11%
ZG 10 338 Steinhausen
11%
SG 6 558 St. Margrethen
11%
GR 2 424 Surses
11%
GR 1 215 Tamins
11%
AR 6 514 Teufen
11%
GR 140 Tschappina
11%
SG 14 279 Uzwil
11%
ZG 4 005 Walchwil
11%
SG 2 618 Wildhaus-Alt St. Johann
11%
AG 12 796 Zofingen
11%
BL 10 745 Aesch
10%
ZH 1 698 Aesch
10%
LU 1 405 Aesch
10%
ZH 5 060 Bauma
10%
GR 228 Conters im Prättigau
10%
VD 4 761 Cossonay
10%
NE 1 924 Cressier
10%
FR 1 094 Cressier
10%
AG 1 445 Dietwil
10%
GR 618 Fideris
10%
GR 868 Fläsch
10%
GR 254 Flerden
10%
BE 7 068 Frutigen
10%
GR 203 Furna
10%
LU 1 503 Gisikon
10%
LU 1 201 Greppen
10%
GR 2 161 Grüsch
10%
BE 247 Guttannen
10%
LU 1 794 Hasle
10%
BE 3 397 Hasle bei Burgdorf
10%
AG 3 796 Hausen
10%
ZH 3 974 Hausen am Albis
10%
AR 4 316 Heiden
10%
ZH 8 999 Hombrechtikon
10%
SZ 821 Illgau
10%
GR 1 145 Jenaz
10%
GR 948 Jenins
10%
AG 5 544 Kaiseraugst
10%
GR 920 Küblis
10%
BL 5 974 Laufen
10%
ZH 1 813 Laufen-Uhwiesen
10%
VD 1 403 Le Vaud
10%
GR 1 625 Luzein
10%
AG 3 899 Magden
10%
LU 7 771 Malters
10%
LU 1 580 Meierskappel
10%
BL 12 304 Münchenstein
10%
BE 5 418 Niederbipp
10%
ZH 6 275 Rüschlikon
10%
GR 766 Sagogn
10%
GR 2 951 Schiers
10%
BE 657 Schwanden bei Brienz
10%
GR 1 430 Seewis im Prättigau
10%
SG 6 269 Sennwald
10%
AG 4 468 Sins
10%
FR 2 566 Siviriez
10%
AR 2 346 Urnäsch
10%
GR 811 Valsot
10%
ZH 5 766 Zumikon
10%
AG 1 063 Abtwil
9%
BL 1 090 Augst
9%
LU 6 714 Beromünster
9%
BE 489 Bühl
9%
LU 5 878 Dagmersellen
9%
LU 4 474 Escholzmatt-Marbach
9%
ZH 9 583 Fällanden
9%
GR 2 833 Felsberg
9%
VS 912 Fiesch
9%
AR 971 Grub
9%
ZH 3 843 Grüningen
9%
AG 839 Hellikon
9%
BE 821 Kandergrund
9%
BE 1 404 Kappelen
9%
ZH 9 438 Kilchberg
9%
BL 177 Kilchberg
9%
ZH 2 454 Knonau
9%
BL 5 828 Lausen
9%
VS 1 396 Leukerbad
9%
BE 1 899 Oberbipp
9%
ZH 5 393 Oberrieden
9%
AG 1 600 Oberrüti
9%
BE 3 898 Port
9%
BE 3 723 Reichenbach im Kandertal
9%
AG 9 866 Rothrist
9%
GR 838 Scharans
9%
BE 569 Schattenhalb
9%
AR 556 Schönengrund
9%
AI 6 060 Schwende-Rüte
9%
VS 281 Sempione
9%
AG 2 496 Stetten
9%
SH 1 487 Stetten
9%
ZH 6 361 Uetikon am See
9%
GR 163 Urmein
9%
LU 5 621 Adligenswil
8%
ZH 12 859 Affoltern am Albis
8%
BE 1 211 Affoltern im Emmental
8%
AG 1 898 Arni
8%
BE 968 Arni
8%
AG 2 290 Auw
8%
VS 4 350 Ayent
8%
BE 11 678 Belp
8%
TG 6 298 Bischofszell
8%
AG 8 834 Bremgarten
8%
BE 4 414 Bremgarten bei Bern
8%
LU 6 782 Buchrain
8%
AR 1 954 Bühler
8%
ZH 24 186 Bülach
8%
VD 678 Bullet
8%
GE 22 311 Carouge
8%
LU 1 665 Dierikon
8%
ZH 8 036 Dietlikon
8%
VD 6 570 Echallens
8%
LU 1 669 Eich
8%
SG 1 571 Eichberg
8%
FR 10 296 Estavayer
8%
ZH 2 625 Fischenthal
8%
VS 9 160 Fully
8%
SO 18 295 Grenchen
8%
BE 1 020 Gsteig bei Gstaad
8%
SO 1 712 Gunzgen
8%
AR 944 Hundwil
8%
LU 2 919 Inwil
8%
FR 647 Jaun
8%
BE 664 Jens
8%
BE 1 855 Kirchdorf
8%
BE 16 406 Lyss
8%
ZH 5 707 Mettmenstetten
8%
BL 18 234 Muttenz
8%
AG 8 881 Obersiggenthal
8%
AG 2 605 Oberwil-Lieli
8%
ZH 5 881 Obfelden
8%
ZH 21 553 Opfikon
8%
BL 16 566 Pratteln
8%
BL 20 258 Reinach
8%
AG 9 499 Reinach
8%
BS 22 408 Riehen
8%
BE 3 117 Riggisberg
8%
TG 11 728 Romanshorn
8%
LU 6 293 Root
8%
BE 2 894 Rubigen
8%
VS 7 114 Saxon
8%
AI 1 121 Schlatt-Haslen
8%
SO 5 201 Schönenwerd
8%
LU 4 251 Schüpfheim
8%
LU 1 792 Schwarzenberg
8%
BE 6 775 Schwarzenburg
8%
AR 1 557 Schwellbrunn
8%
ZH 5 172 Schwerzenbach
8%
BE 13 190 Spiez
8%
LU 2 480 Udligenswil
8%
ZH 10 424 Urdorf
8%
ZH 19 723 Volketswil
8%
VD 3 609 Vully-les-Lacs
8%
AR 1 874 Waldstatt
8%
ZH 17 625 Wallisellen
8%
LU 9 149 Willisau
8%
ZH 6 717 Zell
8%
LU 2 162 Zell
8%
BE 11 477 Zollikofen
8%
SO 1 329 Aeschi
7%
BE 2 356 Aeschi bei Spiez
7%
VS 2 773 Anniviers
7%
LU 2 821 Ballwil
7%
VD 8 567 Bex
7%
SG 4 132 Degersheim
7%
AG 1 706 Fischbach-Göslikon
7%
SO 1 767 Härkingen
7%
ZH 3 912 Hittnau
7%
LU 10 033 Hochdorf
7%
SG 2 079 Lichtensteig
7%
ZH 644 Maschwanden
7%
AG 3 794 Merenschwand
7%
VD 17 720 Morges
7%
SG 2 969 Mosnang
7%
AG 1 336 Mühlau
7%
LU 3 129 Rain
7%
AR 700 Reute
7%
ZH 1 145 Rifferswil
7%
LU 7 828 Rothenburg
7%
LU 7 472 Ruswil
7%
ZH 1 469 Seegräben
7%
AG 12 512 Spreitenbach
7%
AG 7 615 Untersiggenthal
7%
BE 3 073 Zweisimmen
7%
ZH 5 142 Bäretswil
6%
ZH 12 186 Bassersdorf
6%
SO 9 345 Biberist
6%
VD 1 713 Bière
6%
ZH 7 263 Birmensdorf
6%
AG 3 040 Birmenstorf
6%
AG 4 718 Birr
6%
ZH 5 678 Bonstetten
6%
SO 1 055 Büren
6%
BE 3 758 Büren an der Aare
6%
SG 6 928 Diepoldsau
6%
VD 626 Dully
6%
SO 4 300 Egerkingen
6%
SO 1 027 Feldbrunnen-St. Niklaus
6%
LU 731 Fischbach
6%
AG 232 Geltwil
6%
ZH 3 963 Hedingen
6%
LU 2 452 Hohenrain
6%
AG 2 351 Jonen
6%
VD 732 Lussy-sur-Morges
6%
SG 2 118 Marbach
6%
SH 2 591 Neunkirch
6%
ZH 2 973 Ottenbach
6%
VS 4 485 Port-Valais
6%
FR 2 890 Riaz
6%
LU 1 789 Römerswil
6%
ZH 4 567 Russikon
6%
BL 6 851 Sissach
6%
AR 4 453 Speicher
6%
ZH 3 879 Stallikon
6%
AG 11 340 Suhr
6%
JU 3 269 Val Terbi
6%
AR 2 029 Walzenhausen
6%
ZH 5 323 Wettswil am Albis
6%
SG 10 337 Widnau
6%
SO 9 452 Zuchwil
6%
BL 2 757 Zunzgen
6%
TG 15 853 Arbon
5%
SO 6 501 Balsthal
5%
SG 3 989 Berneck
5%
VD 1 877 Cudrefin
5%
LU 1 032 Ermensee
5%
ZH 6 860 Fehraltorf
5%
SG 8 609 Gaiserwald
5%
SO 5 794 Gerlafingen
5%
LU 2 468 Hildisrieden
5%
AG 690 Islisberg
5%
FR 5 448 Kerzers
5%
BE 5 708 Lengnau
5%
AG 2 929 Lengnau
5%
SG 1 645 Lütisburg
5%
AR 1 332 Lutzenberg
5%
AG 4 112 Muhen
5%
TG 5 908 Münchwilen
5%
AG 1 070 Münchwilen
5%
LU 7 222 Neuenkirch
5%
AI 1 931 Oberegg
5%
BL 11 498 Oberwil
5%
BE 912 Oberwil bei Büren
5%
BE 838 Oberwil im Simmental
5%
VD 7 842 Orbe
5%
VD 416 Orges
5%
AR 1 773 Rehetobel
5%
VD 21 408 Renens
5%
SG 3 516 Rheineck
5%
BE 4 326 Roggwil
5%
TG 3 397 Roggwil
5%
VD 6 446 Rolle
5%
FR 2 632 Rue
5%
BE 5 088 Saint-Imier
5%
TG 1 887 Schlatt
5%
ZH 774 Schlatt
5%
BE 1 272 Trub
5%
VD 6 052 Villeneuve
5%
LU 2 199 Werthenstein
5%
AR 1 867 Wolfhalden
5%
TG 2 837 Affeltrangen
4%
JU 1 907 Alle
4%
AG 1 646 Aristau
4%
VD 4 843 Avenches
4%
SG 5 139 Balgach
4%
VS 474 Bettmeralp
4%
TG 3 044 Bichelsee-Balterswil
4%
VS 123 Binn
4%
BL 10 338 Birsfelden
4%
VS 39 Bister
4%
SO 807 Boningen
4%
AG 3 124 Boswil
4%
SG 5 202 Bütschwil-Ganterschwil
4%
AG 1 276 Buttwil
4%
JU 2 453 Courgenay
4%
BE 1 380 Court
4%
VD 9 334 Crissier
4%
LU 830 Doppleschwand
4%
FR 8 939 Düdingen
4%
SG 2 475 Eggersriet
4%
ZH 5 667 Eglisau
4%
VS 359 Fieschertal
4%
GE 550 Gy
4%
AG 1 021 Hallwil
4%
BE 7 438 Herzogenbuchsee
4%
TG 3 130 Horn
4%
BE 401 Iseltwald
4%
SG 4 023 Jonschwil
4%
BE 5 490 Konolfingen
4%
BE 3 825 La Neuveville
4%
FR 1 859 La Roche
4%
JU 1 252 Les Bois
4%
FR 9 069 Marly
4%
VS 7 196 Nendaz
4%
SG 4 660 Oberbüren
4%
ZH 6 812 Oberengstringen
4%
AG 2 999 Oberkulm
4%
AG 15 080 Oftringen
4%
VD 8 159 Ollon
4%
VD 19 287 Pully
4%
SG 5 051 Rebstein
4%
ZH 19 676 Regensdorf
4%
SG 7 685 Rorschacherberg
4%
VS 1 067 Saas-Grund
4%
JU 2 568 Saignelégier
4%
AG 883 Schupfart
4%
AG 1 748 Teufenthal
4%
BE 164 Teuffenthal
4%
BE 4 648 Tramelan
4%
SO 6 667 Trimbach
4%
BE 1 510 Trubschachen
4%
AG 21 479 Wettingen
4%
ZH 2 077 Wila
4%
AG 6 830 Würenlos
4%
AG 1 394 Zetzwil
4%
VD 431 Allaman
3%
SG 2 128 Andwil
3%
BL 537 Anwil
3%
BE 1 714 Arch
3%
BL 1 706 Arisdorf
3%
BL 9 385 Arlesheim
3%
BE 1 549 Attiswil
3%
AG 1 728 Auenstein
3%
GE 1 757 Avully
3%
SO 794 Bärschwil
3%
GE 4 104 Bellevue
3%
BE 1 784 Bellmund
3%
VS 349 Bellwald
3%
FR 6 011 Belmont-Broye
3%
BE 260 Belprahon
3%
GE 10 864 Bernex
3%
AG 639 Besenbüren
3%
BS 1 294 Bettingen
3%
SO 4 978 Bettlach
3%
AG 695 Bettwil
3%
BL 15 664 Binningen
3%
AG 921 Birrhard
3%
AG 1 389 Birrwil
3%
BL 685 Blauen
3%
BE 1 267 Boltigen
3%
JU 1 171 Boncourt
3%
BE 2 655 Bönigen
3%
BL 6 995 Bottmingen
3%
VD 5 414 Bourg-en-Lavaux
3%
AG 2 896 Böztal
3%
SO 4 304 Breitenbach
3%
AG 907 Brunegg
3%
BL 4 509 Bubendorf
3%
SO 2 926 Buchegg
3%
AG 1 233 Bünzen
3%
LU 2 746 Büron
3%
BE 172 Busswil bei Melchnau
3%
LU 3 504 Buttisholz
3%
BL 1 112 Buus
3%
GE 874 Céligny
3%
GE 1 651 Chancy
3%
FR 527 Châtillon
3%
JU 494 Châtillon
3%
GE 8 630 Collonge-Bellerive
3%
GE 6 024 Cologny
3%
GE 4 552 Confignon
3%
VS 9 073 Conthey
3%
VD 3 207 Coppet
3%
FR 5 765 Courtepin
3%
JU 2 724 Courtételle
3%
ZH 4 387 Dällikon
3%
SO 3 041 Däniken
3%
BE 416 Därligen
3%
SO 2 340 Deitingen
3%
AG 4 160 Dottikon
3%
TG 730 Dozwil
3%
SO 5 396 Dulliken
3%
AG 1 373 Dürrenäsch
3%
AG 1 544 Egliswil
3%
TG 5 031 Egnach
3%
ZH 10 308 Embrach
3%
AG 2 703 Endingen
3%
AG 3 672 Ennetbaden
3%
BL 5 618 Ettingen
3%
VS 1 670 Evolène
3%
BE 810 Fahrni
3%
JU 332 Fahy
3%
TG 2 977 Fischingen
3%
AG 6 090 Fislisbach
3%
SO 1 043 Flumenthal
3%
VS 2 167 Gampel-Bratsch
3%
AG 1 097 Gansingen
3%
AG 5 761 Gebenstorf
3%
BL 6 296 Gelterkinden
3%
SO 932 Gempen
3%
LU 2 900 Geuensee
3%
SG 9 709 Goldach
3%
AG 2 182 Gontenschwil
3%
VS 1 295 Grächen
3%
BE 4 088 Grosshöchstetten
3%
BE 434 Gsteigwiler
3%
BE 346 Gündlischwand
3%
SO 1 185 Günsberg
3%
BE 617 Habkern
3%
SG 1 431 Häggenschwil
3%
TG 2 084 Hauptwil-Gottshaus
3%
TG 1 299 Hefenhofen
3%
VS 1 491 Hérémence
3%
GE 1 236 Hermance
3%
AG 1 756 Hirschthal
3%
LU 6 030 Hitzkirch
3%
TG 664 Hohentannen
3%
AG 1 742 Holziken
3%
SO 717 Hubersdorf
3%
AG 4 415 Hunzenschwil
3%
BE 5 136 Huttwil
3%
BE 3 723 Ins
3%
GE 1 173 Jussy
3%
SO 1 197 Kleinlützel
3%
LU 2 460 Knutwil
3%
AG 5 035 Kölliken
3%
TG 3 899 Kradolf-Schönenberg
3%
SO 1 427 Kriegstetten
3%
JU 1 134 La Baroche
3%
BL 997 Langenbruck
3%
SO 3 858 Langendorf
3%
VD 12 595 La Tour-de-Peilz
3%
AG 3 800 Laufenburg
3%
JU 305 Le Bémont
3%
GE 12 806 Le Grand-Saconnex
3%
AG 533 Leimbach
3%
BE 1 222 Leissigen
3%
JU 1 957 Le Noirmont
3%
BE 517 Ligerz
3%
ZH 5 875 Lindau
3%
SH 768 Lohn
3%
SO 2 976 Lohn-Ammannsegg
3%
TG 1 274 Lommis
3%
SO 1 630 Lommiswil
3%
SO 4 088 Lostorf
3%
FR 1 214 Lully
3%
VD 831 Lully
3%
SO 3 640 Luterbach
3%
BE 226 Lütschental
3%
AG 2 215 Mägenwil
3%
BL 941 Maisprach
3%
BE 4 195 Matten bei Interlaken
3%
BE 57 Meienried
3%
AG 6 170 Mellingen
3%
AG 8 400 Menziken
3%
LU 3 113 Menznau
3%
JU 535 Mervelier
3%
SO 973 Metzerlen-Mariastein
3%
AG 4 888 Möriken-Wildegg
3%
SG 3 662 Mörschwil
3%
SO 2 451 Mümliswil-Ramiswil
3%
BE 13 113 Münsingen
3%
SG 1 257 Muolen
3%
LU 2 817 Nebikon
3%
ZH 3 316 Neerach
3%
SH 11 213 Neuhausen am Rheinfall
3%
SG 1 497 Niederbüren
3%
BL 1 804 Niederdorf
3%
ZH 9 611 Niederhasli
3%
SG 3 256 Niederhelfenschwil
3%
BE 375 Niederried bei Interlaken
3%
AG 8 907 Oberentfelden
3%
AG 580 Oberhof
3%
LU 5 077 Oberkirch
3%
AG 2 193 Oberlunkhofen
3%
SG 6 674 Oberuzwil
3%
SO 6 636 Oensingen
3%
GE 18 886 Onex
3%
VS 3 292 Orsières
3%
BE 1 264 Orvin
3%
BE 18 195 Ostermundigen
3%
ZH 3 001 Otelfingen
3%
BE 1 957 Péry-La Heutte
3%
FR 3 668 Plaffeien
3%
GE 4 035 Pregny-Chambésy
3%
VD 12 417 Prilly
3%
ZH 4 766 Rafz
3%
VS 461 Randa
3%
AG 1 627 Reitnau
3%
BE 2 651 Ringgenberg
3%
VD 1 949 Roche
3%
SO 1 418 Rodersdorf
3%
ZH 8 194 Rümlang
3%
AG 6 041 Rupperswil
3%
SO 1 541 Rüttenen
3%
VS 379 Saas-Almagell
3%
VD 5 068 Sainte-Croix
3%
FR 1 011 Saint-Martin
3%
VS 841 Saint-Martin
3%
VD 5 144 Saint-Sulpice
3%
AG 3 118 Sarmenstorf
3%
BE 811 Sauge
3%
VS 8 182 Savièse
3%
BE 91 Saxeten
3%
AG 3 137 Schafisheim
3%
BE 35 Schelten
3%
LU 3 130 Schenkon
3%
AG 4 555 Schöftland
3%
LU 1 061 Schongau
3%
BE 66 Seehof
3%
AG 4 411 Seengen
3%
SO 3 682 Selzach
3%
AG 5 571 Seon
3%
BE 4 891 Sigriswil
3%
BE 626 Siselen
3%
AG 1 344 Staffelbach
3%
VS 1 112 Stalden
3%
AG 4 306 Staufen
3%
VS 1 691 Steg-Hohtenn
3%
SG 3 580 Steinach
3%
BE 1 315 St. Stephan
3%
BE 3 510 Studen
3%
TG 5 341 Tägerwilen
3%
VS 1 366 Täsch
3%
BE 3 059 Täuffelen
3%
BE 3 471 Tavannes
3%
AG 931 Thalheim
3%
ZH 1 026 Thalheim an der Thur
3%
GE 16 690 Thônex
3%
BE 2 057 Thurnen
3%
BL 1 453 Thürnen
3%
TG 1 639 Tobel-Tägerschen
3%
LU 4 811 Triengen
3%
SG 1 594 Tübach
3%
ZH 5 180 Turbenthal
3%
AG 1 433 Uerkheim
3%
ZH 5 510 Uitikon
3%
SG 1 027 Untereggen
3%
ZH 4 308 Unterengstringen
3%
AG 1 629 Unterlunkhofen
3%
BE 5 738 Unterseen
3%
VS 10 814 Val de Bagnes
3%
GE 2 958 Vandœuvres
3%
GE 13 846 Versoix
3%
GE 11 917 Veyrier
3%
VD 1 102 Vuarrens
3%
BL 1 108 Waldenburg
3%
SG 3 544 Waldkirch
3%
BE 1 039 Walperswil
3%
TG 1 449 Warth-Weiningen
3%
AG 1 023 Wegenstetten
3%
ZH 5 062 Weiningen
3%
ZH 3 466 Weisslingen
3%
SO 1 205 Welschenrohr- Gänsbrunnen
3%
AG 3 876 Widen
3%
BE 2 578 Wiedlisbach
3%
ZH 1 028 Wildberg
3%
BE 2 764 Wilderswil
3%
TG 2 525 Wilen
3%
BE 2 670 Wimmis
3%
AG 8 060 Windisch
3%
BL 608 Wintersingen
3%
SG 10 026 Wittenbach
3%
AG 1 411 Wittnau
3%
BE 11 526 Worb
3%
BE 2 532 Worben
3%
FR 5 722 Wünnewil-Flamatt
3%
TG 2 612 Zihlschlacht-Sitterdorf
3%
AG 8 237 Zurzach
3%
SG 5 026 Zuzwil
3%
BE 545 Zuzwil
3%
BL 2 828 Zwingen
3%
VS 81 Zwischbergen
3%
BE 4 772 Aarwangen
2%
GE 1 160 Aire-la-Ville
2%
TG 2 356 Altnau
2%
AG 795 Ammerswil
2%
ZH 3 578 Andelfingen
2%
GE 2 521 Anières
2%
GE 1 408 Avusy
2%
ZH 4 316 Bachenbülach
2%
SO 226 Balm bei Günsberg
2%
GE 2 548 Bardonnex
2%
BE 1 100 Bargen
2%
SH 331 Bargen
2%
BE 1 112 Bäriswil
2%
JU 1 203 Basse-Allaine
2%
JU 767 Basse-Vendline
2%
SO 1 191 Bättwil
2%
BE 1 227 Beatenberg
2%
FR 3 470 Belfaux
2%
AG 1 592 Bellikon
2%
VD 3 898 Belmont-sur-Lausanne
2%
VD 443 Belmont-sur-Yverdon
2%
AG 4 934 Berikon
2%
AG 1 644 Biberstein
2%
SO 354 Biezwil
2%
JU 961 Boécourt
2%
BE 6 331 Bolligen
2%
AG 1 751 Boniswil
2%
ZH 1 446 Boppelsen
2%
AG 868 Bottenwil
2%
AG 4 305 Böttstein
2%
NE 6 320 Boudry
2%
VS 215 Bourg-Saint-Pierre
2%
JU 261 Bourrignon
2%
BL 740 Bretzwil
2%
AG 4 257 Brittnau
2%
SH 890 Buchberg
2%
BE 933 Büetigen
2%
VS 766 Bürchen
2%
VD 251 Bussy-sur-Moudon
2%
AG 1 144 Büttikon
2%
GE 1 046 Cartigny
2%
VS 1 399 Champéry
2%
BE 158 Champoz
2%
GE 13 876 Chêne-Bougeries
2%
GE 9 450 Chêne-Bourg
2%
VD 739 Cheseaux-Noréaz
2%
GE 1 247 Choulex
2%
JU 1 294 Clos du Doubs
2%
JU 721 Coeuve
2%
GE 1 685 Collex-Bossy
2%
VS 9 903 Collombey-Muraz
2%
BE 197 Corcelles
2%
VD 500 Corcelles-le-Jorat
2%
VD 421 Corcelles-près-Concise
2%
VD 2 917 Corcelles-près-Payerne
2%
JU 1 060 Cornol
2%
GE 2 282 Corsier
2%
VD 3 428 Corsier-sur-Vevey
2%
JU 445 Courchapoix
2%
JU 314 Courchavon
2%
JU 3 667 Courrendlin
2%
JU 3 396 Courroux
2%
JU 774 Courtedoux
2%
BE 1 435 Courtelary
2%
VD 2 725 Cugy
2%
FR 1 989 Cugy
2%
JU 363 Damphreux-Lugnez
2%
ZH 1 867 Dänikon
2%
GE 1 853 Dardagny
2%
AG 771 Densbüren
2%
SO 7 008 Derendingen
2%
JU 1 372 Develier
2%
ZH 6 391 Dielsdorf
2%
BL 794 Diepflingen
2%
BE 1 046 Diessbach bei Büren
2%
SO 6 862 Dornach
2%
BE 1 573 Dotzigen
2%
BL 1 611 Duggingen
2%
JU 117 Ederswiler
2%
AG 4 906 Ehrendingen
2%
AG 2 447 Eiken
2%
ZH 5 144 Elgg
2%
VD 9 919 Epalinges
2%
BL 564 Eptingen
2%
BE 1 389 Erlach
2%
AG 4 563 Erlinsbach
2%
SO 3 691 Erlinsbach
2%
VS 550 Ernen
2%
SO 960 Erschwil
2%
BE 385 Eschert
2%
TG 4 901 Eschlikon
2%
LU 2 878 Ettiswil
2%
BE 2 684 Evilard / Leubringen
2%
BE 224 Farnern
2%
VS 253 Ferden
2%
BE 564 Finsterhennen
2%
JU 1 647 Fontenais
2%
BL 6 623 Frenkendorf
2%
BL 4 700 Füllinsdorf
2%
GE 2 896 Genthod
2%
ZH 5 261 Geroldswil
2%
BE 1 296 Gerzensee
2%
BL 1 121 Giebenach
2%
FR 3 309 Givisiez
2%
ZH 5 406 Glattfelden
2%
JU 381 Grandfontaine
2%
AG 8 625 Gränichen
2%
BL 1 954 Grellingen
2%
FR 167 Greng
2%
VS 424 Grengiols
2%
LU 904 Grossdietwil
2%
LU 3 450 Grosswangen
2%
SO 5 277 Hägendorf
2%
SH 2 389 Hallau
2%
JU 1 057 Haute-Ajoie
2%
FR 2 687 Hauterive
2%
JU 7 362 Haute-Sorne
2%
FR 730 Hauteville
2%
AG 1 351 Hendschiken
2%
ZH 3 219 Hettlingen
2%
SO 1 266 Hochwald
2%
AG 1 489 Holderbank
2%
SO 753 Holderbank
2%
BL 2 652 Hölstein
2%
ZH 3 509 Höri
2%
ZH 974 Hüttikon
2%
BL 2 441 Itingen
2%
BE 11 628 Ittigen
2%
AG 2 948 Kaisten
2%
BE 2 239 Kallnach
2%
BE 4 541 Kehrsatz
2%
SO 528 Kienberg
2%
AG 935 Kirchleerau
2%
BE 2 265 Koppigen
2%
BE 1 155 Krattigen
2%
AG 1 917 Künten
2%
AG 6 857 Küttigen
2%
GE 670 Laconnex
2%
JU 710 Lajoux
2%
BL 572 Lampenberg
2%
VD 1 205 La Rippe
2%
NE 1 068 La Sagne
2%
VD 2 598 La Sarraz
2%
BE 850 Lauenen
2%
BL 1 396 Läufelfingen
2%
BE 3 281 Laupen
2%
FR 1 390 Le Pâquier
2%
JU 1 642 Les Breuleux
2%
JU 149 Les Enfers
2%
JU 510 Les Genevez
2%
AG 752 Leutwil
2%
BE 1 353 Leuzigen
2%
VD 3 715 Leysin
2%
BL 1 088 Liesberg
2%
NE 1 041 Lignières
2%
BE 1 257 Linden
2%
ZH 2 840 Lufingen
2%
BE 572 Lüscherz
2%
VD 10 794 Lutry
2%
FR 1 774 Matran
2%
SO 1 374 Matzendorf
2%
GE 2 079 Meinier
2%
BE 1 443 Meinisberg
2%
FR 442 Ménières
2%
SO 1 496 Messen
2%
JU 112 Mettembert
2%
JU 566 Montfaucon
2%
AG 957 Moosleerau
2%
BE 4 130 Moosseedorf
2%
VS 745 Mörel-Filet
2%
BE 888 Mörigen
2%
JU 420 Movelier
2%
BE 10 426 Münchenbuchsee
2%
JU 508 Muriaux
2%
ZH 5 763 Neftenbach
2%
SO 2 404 Neuendorf
2%
AG 9 087 Neuenhof
2%
SO 1 301 Niederbuchsiten
2%
SO 4 197 Niedergösgen
2%
AG 4 896 Niederlenz
2%
AG 3 042 Niederwil
2%
BE 786 Nods
2%
SO 1 546 Nuglar-St. Pantaleon
2%
BL 279 Nusshof
2%
FR 493 Nuvilly
2%
SO 1 262 Obergerlafingen
2%
ZH 7 595 Oberglatt
2%
SO 2 457 Obergösgen
2%
SH 438 Oberhallau
2%
BE 484 Oberlangenegg
2%
AG 1 176 Oeschgen
2%
AG 367 Olsberg
2%
BL 519 Oltingen
2%
BL 2 363 Ormalingen
2%
BE 3 330 Orpund
2%
AG 3 155 Othmarsingen
2%
GE 3 194 Perly-Certoux
2%
BE 5 168 Pieterlen
2%
GE 12 221 Plan-les-Ouates
2%
JU 349 Pleigne
2%
GE 726 Presinge
2%
GE 2 558 Puplinge
2%
BL 734 Ramlinsburg
2%
SH 1 617 Ramsen
2%
VS 2 002 Raron
2%
BE 2 464 Reconvilier
2%
ZH 462 Regensberg
2%
LU 7 492 Reiden
2%
BL 1 599 Reigoldswil
2%
AG 1 385 Remigen
2%
ZH 1 290 Rheinau
2%
VS 437 Riederalp
2%
AG 1 555 Riniken
2%
VD 326 Rivaz
2%
BE 196 Roches
2%
BL 255 Roggenburg
2%
ZH 3 012 Rorbas
2%
BL 1 894 Röschenz
2%
JU 733 Rossemaison
2%
BL 814 Rothenfluh
2%
AG 946 Rottenschwil
2%
BE 1 789 Rüeggisberg
2%
AG 874 Rüfenach
2%
BE 495 Rumisberg
2%
BL 783 Rünenberg
2%
GE 524 Russin
2%
VS 362 Saas-Balen
2%
BE 2 020 Safnern
2%
JU 239 Saint-Brais
2%
VS 1 049 Saint-Gingolph
2%
VD 388 Saint-Saphorin (Lavaux)
2%
TG 1 461 Salenstein
2%
VS 1 693 Salgesch
2%
TG 1 600 Salmsach
2%
GE 4 577 Satigny
2%
JU 273 Saulcy
2%
BE 148 Saules
2%
AG 2 430 Schinznach
2%
LU 988 Schlierbach
2%
AG 1 152 Schmiedrued
2%
SO 1 150 Schnottwil
2%
BL 1 456 Schönenbuch
2%
TG 889 Schönholzerswilen
2%
BE 683 Schwadernau
2%
BE 1 616 Seeberg
2%
VS 1 093 Sembrancher
2%
TG 8 133 Sirnach
2%
AG 1 666 Sisseln
2%
TG 672 Sommeri
2%
BE 1 913 Sonceboz-Sombeval
2%
BE 283 Sorvilier
2%
JU 125 Soubey
2%
JU 431 Soyhières
2%
ZH 2 357 Stadel
2%
VS 2 268 St. Niklaus
2%
FR 1 441 St. Ursen
2%
SO 1 257 Stüsslingen
2%
SO 3 285 Subingen
2%
TG 4 063 Sulgen
2%
BE 5 159 Sumiswald
2%
BE 1 401 Sutz-Lattrigen
2%
FR 7 900 Tafers
2%
AG 1 544 Tägerig
2%
BL 808 Tecknau
2%
SH 5 770 Thayngen
2%
BL 10 068 Therwil
2%
BE 3 496 Thunstetten
2%
BE 429 Treiten
2%
VS 160 Trient
2%
GE 2 858 Troinex
2%
VS 5 008 Troistorrents
2%
BE 492 Tschugg
2%
VS 1 191 Turtmann-Unterems
2%
BE 1 184 Twann-Tüscherz
2%
LU 936 Ufhusen
2%
AG 4 579 Unterentfelden
2%
AG 3 600 Unterkulm
2%
BE 1 080 Unterlangenegg
2%
SO 220 Unterramsern
2%
TG 1 911 Uttwil
2%
VD 3 405 Valbroye
2%
FR 2 672 Val-de-Charmey
2%
NE 17 499 Val-de-Ruz
2%
FR 520 Vallon
2%
JU 547 Vendlincourt
2%
VS 6 604 Vétroz
2%
VS 621 Veysonnaz
2%
AG 2 139 Villigen
2%
AG 8 132 Villmergen
2%
BE 907 Vinelz
2%
VD 380 Vinzel
2%
AG 2 081 Wallbach
2%
BE 225 Walliswil bei Niederbipp
2%
BE 611 Walliswil bei Wangen
2%
SO 749 Walterswil
2%
BE 540 Walterswil
2%
ZH 2 123 Weiach
2%
BE 640 Wengi
2%
BL 718 Wenslingen
2%
AG 166 Wiliberg
2%
ZH 4 929 Winkel
2%
SO 2 058 Winznau
2%
SO 443 Wisen
2%
SO 1 467 Witterswil
2%
AG 1 041 Wölflinswil
2%
TG 1 194 Wuppenau
2%
AG 5 120 Würenlingen
2%
AG 1 276 Zeihen
2%
VS 324 Zeneggen
2%
BL 1 668 Ziefen
2%
AG 4 917 Zufikon
2%
BE 2 391 Aegerten
1%
VS 729 Agarn
1%
LU 728 Alberswil
1%
BE 638 Alchenstorf
1%
LU 1 032 Altbüron
1%
ZH 756 Altikon
1%
LU 2 018 Altishofen
1%
TG 1 382 Amlikon-Bissegg
1%
BE 833 Amsoldingen
1%
VS 1 462 Arbaz
1%
BL 581 Arboldswil
1%
VS 3 709 Ardon
1%
VD 244 Arnex-sur-Nyon
1%
VD 663 Arnex-sur-Orbe
1%
VD 2 974 Arzier-Le Muids
1%
FR 3 678 Attalens
1%
VD 3 840 Aubonne
1%
VS 637 Ausserberg
1%
BE 459 Auswil
1%
FR 804 Autigny
1%
FR 1 926 Avry
1%
ZH 648 Bachs
1%
VD 576 Ballens
1%
VS 1 367 Baltschieder
1%
BE 672 Bannwil
1%
FR 1 701 Bas-Intyamon
1%
VD 1 485 Bassins
1%
BE 3 394 Bätterkinden
1%
SO 5 453 Bellach
1%
BL 668 Bennwil
1%
AG 2 946 Bergdietikon
1%
BE 46 Berken
1%
VD 304 Berolle
1%
TG 1 324 Bettwiesen
1%
BE 1 867 Biglen
1%
FR 908 Billens-Hennens
1%
VD 252 Bioley-Magnoux
1%
TG 1 398 Birwinken
1%
BE 762 Bleienbach
1%
VD 12 343 Blonay - Saint-Légier
1%
BE 1 303 Blumenstein
1%
BL 848 Böckten
1%
FR 2 381 Bois-d'Amont
1%
FR 3 341 Bösingen
1%
FR 1 609 Bossonnens
1%
VD 1 374 Bottens
1%
FR 741 Botterens
1%
TG 2 688 Bottighofen
1%
VS 924 Bovernier
1%
BE 1 310 Bowil
1%
AG 1 670 Bözberg
1%
TG 861 Braunau
1%
BL 1 730 Brislach
1%
FR 2 810 Broc
1%
FR 700 Brünisried
1%
ZH 2 186 Brütten
1%
BL 709 Buckten
1%
BE 1 094 Burgistein
1%
SO 2 431 Büsserach
1%
TG 2 572 Bussnang
1%
VS 3 905 Chalais
1%
VD 561 Chamblon
1%
VS 4 291 Chamoson
1%
FR 8 512 Châtel-Saint-Denis
1%
FR 359 Châtel-sur-Montsalvens
1%
FR 865 Châtonnaye
1%
FR 847 Chénens
1%
VD 4 841 Cheseaux-sur-Lausanne
1%
VD 521 Chessel
1%
FR 2 468 Cheyres-Châbles
1%
VS 1 599 Chippis
1%
VS 865 Collonges
1%
FR 1 042 Corbières
1%
FR 2 928 Corminboeuf
1%
NE 4 798 Cortaillod
1%
FR 1 508 Cottens
1%
FR 1 462 Courgevaux
1%
VD 1 277 Crassier
1%
BE 546 Crémines
1%
FR 474 Crésuz
1%
VD 422 Cronay
1%
ZH 1 971 Dachsen
1%
ZH 1 126 Dägerlen
1%
BE 859 Därstetten
1%
ZH 842 Dättlikon
1%
BE 86 Deisswil bei Münchenbuchsee
1%
FR 1 339 Delley-Portalban
1%
BE 2 279 Diemtigen
1%
ZH 1 733 Dinhard
1%
AG 2 432 Dintikon
1%
BL 737 Dittingen
1%
VD 253 Dompierre
1%
VS 1 103 Dorénaz
1%
AG 4 473 Döttingen
1%
BE 1 092 Dürrenroth
1%
FR 841 Echarlens
1%
VD 1 182 Eclépens
1%
VD 13 320 Ecublens
1%
AG 1 031 Eggenwil
1%
VS 329 Eggerberg
1%
BE 2 434 Eggiwil
1%
LU 1 661 Egolzwil
1%
VS 453 Eischoll
1%
VS 191 Eisten
1%
ZH 3 766 Elsau
1%
VS 294 Embd
1%
VD 388 Ependes
1%
BE 337 Epsach
1%
VS 184 Ergisch
1%
BE 1 333 Eriswil
1%
BE 475 Eriz
1%
TG 3 769 Ermatingen
1%
BE 2 043 Ersigen
1%
VD 2 913 Etoy
1%
VS 1 482 Evionnaz
1%
AG 2 497 Fahrwangen
1%
VD 902 Faoug
1%
VD 906 Féchy
1%
FR 251 Ferpicloz
1%
FR 1 189 Fétigny
1%
VD 436 Fiez
1%
VS 400 Finhaut
1%
AG 590 Fisibach
1%
ZH 1 488 Flaach
1%
BE 770 Forst-Längenbühl
1%
FR 440 Fräschels
1%
BE 5 498 Fraubrunnen
1%
BE 1 468 Frauenkappelen
1%
AG 1 116 Freienwil
1%
VD 2 723 Froideville
1%
BE 838 Gals
1%
BE 1 013 Gampelen
1%
FR 8 134 Gibloux
1%
FR 1 684 Giffers
1%
VD 2 470 Gimel
1%
VD 1 266 Gingins
1%
FR 1 135 Gletterens
1%
TG 340 Gottlieben
1%
BE 333 Graben
1%
VD 236 Grandevent
1%
VD 3 384 Grandson
1%
BE 384 Grandval
1%
FR 858 Grandvillard
1%
FR 3 936 Granges-Paccot
1%
FR 970 Granges (Veveyse)
1%
FR 212 Grangettes
1%
SO 2 800 Gretzenbach
1%
FR 2 301 Greyerz
1%
VS 3 906 Grimisuat
1%
FR 2 926 Grolley-Ponthaux
1%
VS 2 557 Grône
1%
BE 3 077 Grossaffoltern
1%
FR 4 695 Gurmels
1%
BE 898 Gurzelen
1%
VS 440 Guttet-Feschel
1%
TG 1 738 Güttingen
1%
AG 435 Habsburg
1%
ZH 1 163 Hagenbuch
1%
AG 2 529 Hägglingen
1%
SO 854 Halten
1%
SO 325 Hauenstein-Ifenthal
1%
VD 4 338 Hautemorges
1%
FR 1 691 Haut-Intyamon
1%
BE 267 Häutligen
1%
BE 731 Heiligenschwendi
1%
BE 7 058 Heimberg
1%
BE 1 201 Heimenhausen
1%
BE 1 631 Heimiswil
1%
FR 1 403 Heitenried
1%
BL 266 Hemmiken
1%
ZH 2 325 Henggart
1%
VD 450 Henniez
1%
SO 605 Herbetswil
1%
BE 627 Herbligen
1%
BL 391 Hersberg
1%
AG 2 634 Herznach-Ueken
1%
BE 4 082 Hilterfingen
1%
BE 2 791 Hindelbank
1%
ZH 1 987 Hochfelden
1%
BE 263 Höchstetten
1%
BE 490 Homberg
1%
TG 1 570 Homburg
1%
BE 227 Horrenbach-Buchen
1%
ZH 1 107 Hüntwangen
1%
VS 634 Icogne
1%
BE 445 Iffwil
1%
VS 118 Inden
1%
BE 675 Inkwil
1%
BE 3 875 Ipsach
1%
VS 809 Isérables
1%
BE 5 852 Jegenstorf
1%
AG 407 Kallern
1%
SO 31 Kammersrohr
1%
TG 2 800 Kemmental
1%
BE 543 Kernenried
1%
TG 999 Kesswil
1%
SO 1 881 Kestenholz
1%
BE 1 013 Kiesen
1%
AG 2 242 Killwangen
1%
VS 331 Kippel
1%
BE 3 293 Kirchlindach
1%
ZH 2 203 Kleinandelfingen
1%
FR 705 Kleinbösingen
1%
AG 3 673 Klingnau
1%
AG 1 759 Koblenz
1%
FR 2 201 La Brillaz
1%
NE 483 La Côte-aux-Fées
1%
BE 532 La Ferrière
1%
VS 733 Lalden
1%
BE 624 Landiswil
1%
TG 1 476 Langrickenbach
1%
FR 1 406 La Sonnaz
1%
NE 11 698 Laténa
1%
BL 319 Lauwil
1%
FR 1 346 La Verrerie
1%
VD 1 022 Lavey-Morcles
1%
FR 352 Le Châtelard
1%
FR 1 203 Le Flon
1%
AG 1 596 Leibstadt
1%
NE 4 647 Le Landeron
1%
VD 908 Le Lieu
1%
FR 3 323 Le Mouret
1%
TG 1 786 Lengwil
1%
VS 4 536 Lens
1%
FR 1 614 Les Montets
1%
AG 2 404 Leuggern
1%
VS 3 357 Leytron
1%
VS 755 Liddes
1%
BL 156 Liedertswil
1%
VD 1 087 L'Isle
1%
VD 2 687 Lonay
1%
BE 2 705 Lotzwil
1%
BE 348 Loveresse
1%
VD 4 596 Lucens
1%
VD 626 Luins
1%
AG 3 359 Lupfig
1%
BL 1 509 Lupsingen
1%
SO 1 140 Lüsslingen-Nennigkofen
1%
SO 904 Lüterkofen-Ichertswil
1%
LU 1 265 Luthern
1%
BE 4 366 Lützelflüh
1%
BE 1 475 Lyssach
1%
BE 3 369 Madiswil
1%
AG 346 Mandach
1%
VD 567 Maracon
1%
FR 2 115 Marsens
1%
TG 2 949 Märstetten
1%
ZH 1 953 Marthalen
1%
VS 2 332 Martigny-Combe
1%
VS 2 044 Massongex
1%
FR 606 Massonnens
1%
VD 710 Mathod
1%
LU 1 532 Mauensee
1%
VD 64 Mauraz
1%
BE 2 580 Meikirch
1%
AG 3 267 Meisterschwanden
1%
BE 1 542 Melchnau
1%
AG 237 Mellikon
1%
SO 645 Meltingen
1%
FR 564 Merlach
1%
BE 402 Merzligen
1%
AG 2 158 Mettauertal
1%
FR 1 147 Mézières
1%
VD 2 200 Mies
1%
BE 589 Mirchel
1%
FR 2 364 Misery-Courtion
1%
VD 282 Molondin
1%
FR 3 017 Montagny
1%
VD 775 Montagny-près-Yverdon
1%
AG 405 Mönthal
1%
VS 1 174 Mont-Noble
1%
FR 4 452 Mont-Vully
1%
FR 713 Morlon
1%
BE 3 079 Mühleberg
1%
AG 1 078 Mülligen
1%
TG 3 600 Münsterlingen
1%
FR 964 Muntelier
1%
AG 3 101 Murgenthal
1%
BL 467 Nenzlingen
1%
FR 2 875 Neyruz
1%
BE 7 072 Nidau
1%
VS 750 Niedergesteln
1%
ZH 5 341 Niederglatt
1%
BE 512 Niedermuhlern
1%
BE 1 782 Niederönz
1%
AG 4 648 Niederrohrdorf
1%
ZH 3 238 Niederweningen
1%
VS 4 677 Noble-Contrée
1%
SO 1 973 Nunningen
1%
ZH 5 788 Nürensdorf
1%
BE 870 Oberbalm
1%
SO 2 386 Oberbuchsiten
1%
BE 2 926 Oberburg
1%
BE 3 648 Oberdiessbach
1%
ZH 1 105 Oberembrach
1%
VS 139 Oberems
1%
BE 2 492 Oberhofen am Thunersee
1%
AG 4 255 Oberrohrdorf
1%
BE 717 Oberthal
1%
ZH 1 891 Oberweningen
1%
BE 535 Ochlenberg
1%
VD 498 Onnens
1%
VD 1 213 Ormont-Dessous
1%
VD 1 423 Ormont-Dessus
1%
VD 500 Orny
1%
VD 6 173 Oron
1%
VD 214 Orzens
1%
ZH 1 703 Ossingen
1%
VD 1 898 Penthaz
1%
BE 481 Perrefitte
1%
VD 1 598 Perroy
1%
LU 2 784 Pfaffnau
1%
BL 2 387 Pfeffingen
1%
ZH 4 131 Pfungen
1%
FR 150 Pierrafortscha
1%
FR 1 059 Plasselb
1%
BE 243 Pohlern
1%
VD 876 Pomy
1%
FR 2 013 Pont-en-Ogoz
1%
FR 613 Pont-la-Ville
1%
FR 97 Prévondavaux
1%
VD 226 Prévonloup
1%
FR 2 472 Prez
1%
VD 414 Provence
1%
VD 3 008 Puidoux
1%
BE 1 282 Radelfingen
1%
VD 525 Rances
1%
TG 426 Raperswilen
1%
BE 34 Rebévelier
1%
SO 2 180 Recherswil
1%
FR 1 152 Rechthalten
1%
BE 173 Reisiswil
1%
FR 1 285 Remaufens
1%
AG 2 113 Remetschwil
1%
BE 1 371 Reutigen
1%
VS 3 701 Riddes
1%
VS 2 254 Ried-Brig
1%
SO 2 313 Riedholz
1%
LU 789 Roggliswil
1%
BE 1 568 Rohrbach
1%
BE 375 Rohrbachgraben
1%
VD 3 991 Romanel-sur-Lausanne
1%
VD 462 Romanel-sur-Morges
1%
VD 532 Ropraz
1%
BE 1 173 Röthenbach im Emmental
1%
VD 798 Rougemont
1%
SH 799 Rüdlingen
1%
AG 4 599 Rudolfstetten-Friedlisberg
1%
BE 83 Rumendingen
1%
BL 434 Rümlingen
1%
BE 1 727 Rüschegg
1%
AG 4 564 Safenwil
1%
VS 3 094 Saillon
1%
FR 1 970 Saint-Aubin
1%
VS 2 613 Saint-Léonard
1%
VD 5 905 Saint-Prex
1%
FR 1 452 Sâles
1%
VS 1 483 Salvan
1%
BE 919 Schangnau
1%
BE 540 Scheuren
1%
ZH 870 Schleinikon
1%
AG 873 Schlossrued
1%
AG 1 562 Schneisingen
1%
ZH 1 391 Schöfflisdorf
1%
LU 4 924 Schötz
1%
BE 3 766 Schüpfen
1%
AG 723 Schwaderloch
1%
BE 531 Schwarzhäusern
1%
BE 2 177 Seftigen
1%
BL 1 318 Seltisberg
1%
FR 1 575 Semsales
1%
ZH 7 880 Seuzach
1%
FR 314 Sévaz
1%
AG 721 Siglistorf
1%
GE 961 Soral
1%
FR 1 096 Sorens
1%
VS 541 Staldenried
1%
ZH 3 714 Steinmaur
1%
BE 1 017 Stocken-Höfen
1%
AG 5 104 Strengelbach
1%
FR 1 014 St. Silvester
1%
FR 1 230 Surpierre
1%
VD 165 Syens
1%
AG 1 290 Tegerfelden
1%
BL 934 Tenniken
1%
FR 1 358 Tentlingen
1%
VS 1 187 Termen
1%
BE 2 504 Thierachern
1%
BE 1 191 Thörigen
1%
BL 433 Titterten
1%
VS 494 Törbel
1%
FR 1 082 Torny
1%
VD 1 449 Trélex
1%
VD 314 Trey
1%
FR 1 596 Treyvaux
1%
FR 2 400 Ueberstorf
1%
BE 731 Uebeschi
1%
BE 6 001 Uetendorf
1%
AG 549 Uezwil
1%
FR 425 Ulmiz
1%
VS 483 Unterbäch
1%
BE 888 Ursenbach
1%
VD 234 Ursins
1%
FR 4 025 Ursy
1%
BE 6 524 Urtenen-Schönbühl
1%
BE 2 179 Uttigen
1%
VS 2 129 Val-d'Illiez
1%
VD 4 097 Vallorbe
1%
VS 691 Varen
1%
FR 1 128 Vaulruz
1%
AG 1 563 Veltheim
1%
VS 1 864 Vernayaz
1%
VS 893 Vérossaz
1%
VS 1 929 Vex
1%
VD 1 177 Vich
1%
FR 74 Villarsel-sur-Marly
1%
FR 2 347 Villaz
1%
AG 1 677 Villnachern
1%
FR 1 526 Villorsonnens
1%
VS 2 934 Vionnaz
1%
VS 1 324 Visperterminen
1%
ZH 384 Volken
1%
AG 2 013 Vordemwald
1%
VS 4 621 Vouvry
1%
FR 2 556 Vuadens
1%
FR 2 352 Vuisternens- devant-Romont
1%
TG 1 168 Wäldi
1%
AG 3 159 Waltenschwil
1%
TG 4 956 Wängi
1%
ZH 577 Wasterkingen
1%
BE 3 198 Wattenwil
1%
LU 2 599 Wauwil
1%
BE 4 434 Wichtrach
1%
ZH 6 727 Wiesendangen
1%
TG 2 650 Wigoltingen
1%
LU 1 509 Wikon
1%
BE 1 038 Wiler bei Utzenstorf
1%
VS 539 Wiler (Lötschen)
1%
AG 1 867 Wohlenschwil
1%
SO 2 401 Wolfwil
1%
BE 1 120 Wyssachen
1%
VD 3 536 Yvonand
1%
BE 1 636 Zäziwil
1%
BE 329 Zielebach
1%
SO 675 Zullwil
1%
VD 578 Aclens
0%
SO 599 Aedermannsdorf
0%
BE 1 127 Aefligen
0%
VD 383 Agiez
0%
BE 555 Allmendingen bei Bern
0%
VD 1 703 Assens
0%
VD 1 196 Ballaigues
0%
TG 1 856 Basadingen-Schlattingen
0%
VD 1 146 Baulmes
0%
VD 1 037 Bavois
0%
SH 486 Beggingen
0%
VD 1 999 Begnins
0%
VD 1 329 Bercher
0%
SH 5 203 Beringen
0%
TG 947 Berlingen
0%
BE 696 Bettenhausen
0%
VD 644 Bettens
0%
VD 194 Bofflens
0%
VD 984 Bogis-Bossey
0%
SO 593 Bolken
0%
VD 526 Bonvillars
0%
VD 1 134 Borex
0%
VD 378 Boulens
0%
VD 518 Bournens
0%
VD 1 023 Boussens
0%
VD 614 Bremblens
0%
BE 513 Brenzikofen
0%
VD 894 Bretigny-sur-Morrens
0%
VD 259 Bretonnières
0%
NE 294 Brot-Plamboz
0%
BE 609 Brüttelen
0%
BE 1 538 Buchholterberg
0%
VD 687 Buchillon
0%
VD 525 Bursinel
0%
VD 798 Bursins
0%
VD 407 Burtigny
0%
VD 10 624 Bussigny
0%
SH 419 Büttenhardt
0%
VD 1 070 Champagne
0%
VD 188 Champtauroz
0%
VD 730 Champvent
0%
VD 3 236 Chardonne
0%
VD 3 624 Château-d'Œx
0%
VD 1 400 Chavannes-de-Bogis
0%
VD 1 018 Chavannes-des-Bois
0%
VD 318 Chavannes-le-Chêne
0%
VD 157 Chavannes-le-Veyron
0%
VD 9 311 Chavannes-près-Renens
0%
VD 238 Chavannes-sur-Moudon
0%
VD 5 414 Chavornay
0%
VD 176 Chêne-Pâquier
0%
VD 1 276 Chéserex
0%
VD 337 Chevilly
0%
VD 525 Chevroux
0%
VD 2 229 Chexbres
0%
VD 422 Chigny
0%
VD 220 Clarmont
0%
VD 522 Coinsins
0%
VD 2 990 Commugny
0%
VD 1 021 Concise
0%
VD 464 Corbeyrier
0%
BE 1 842 Corgémont
0%
BE 512 Cormoret
0%
NE 1 647 Cornaux
0%
VD 2 336 Corseaux
0%
BE 666 Cortébert
0%
VD 397 Croy
0%
VD 541 Cuarnens
0%
VD 242 Cuarny
0%
VD 306 Curtilles
0%
VD 1 062 Daillens
0%
VD 160 Démoret
0%
VD 743 Denens
0%
VD 1 818 Denges
0%
BL 1 641 Diegten
0%
TG 4 132 Diessenhofen
0%
VD 237 Dizy
0%
VD 919 Donneloye
0%
SH 1 059 Dörflingen
0%
SO 742 Drei Höfe
0%
VD 1 114 Duillier
0%
VD 2 909 Echandens
0%
VD 3 183 Echichens
0%
ZH 1 026 Ellikon an der Thur
0%
SO 326 Eppenberg-Wöschnau
0%
TG 1 903 Eschenz
0%
VD 761 Essertines-sur-Rolle
0%
VD 1 104 Essertines-sur-Yverdon
0%
VD 1 173 Etagnières
0%
SO 1 070 Etziken
0%
VD 1 739 Eysins
0%
SO 595 Fehren
0%
TG 3 195 Felben-Wellhausen
0%
BE 1 242 Ferenbalm
0%
VD 319 Ferreyres
0%
ZH 3 811 Feuerthalen
0%
VD 762 Fey
0%
ZH 1 514 Flurlingen
0%
VD 199 Fontaines-sur-Grandson
0%
VD 2 066 Forel (Lavaux)
0%
VD 3 805 Founex
0%
BE 448 Freimettigen
0%
SO 1 808 Fulenbach
0%
SH 1 018 Gächlingen
0%
TG 4 609 Gachnang
0%
VD 2 026 Genolier
0%
VD 458 Giez
0%
VD 1 472 Gilly
0%
VD 1 016 Givrins
0%
VD 1 073 Gollion
0%
BE 718 Gondiswil
0%
VD 1 212 Goumoëns
0%
VD 546 Grancy
0%
VD 1 004 Grandcour
0%
VD 395 Grens
0%
VD 1 508 Gryon
0%
BE 241 Gurbrü
0%
BL 251 Häfelfingen
0%
BE 426 Hagneck
0%
BE 209 Hellsau
0%
SH 502 Hemishofen
0%
TG 1 168 Herdern
0%
VD 377 Hermenches
0%
BE 318 Hermrigen
0%
SO 977 Himmelried
0%
SO 911 Horriwil
0%
SO 160 Hüniken
0%
TG 884 Hüttlingen
0%
TG 1 758 Hüttwilen
0%
BE 304 Jaberg
0%
VD 1 915 Jongny
0%
VD 1 556 Jorat-Menthue
0%
VD 3 177 Jorat-Mézières
0%
VD 1 493 Jouxtens-Mézery
0%
VD 351 Juriens
0%
BL 535 Känerkinden
0%
BE 1 121 Kaufdorf
0%
BE 2 380 Krauchthal
0%
BE 430 Kriechenwil
0%
VD 1 536 L'Abbaye
0%
VD 268 L'Abergement
0%
NE 496 La Chaux-du-Milieu
0%
NE 9 082 La Grande Béroche
0%
VD 206 La Praz
0%
SO 1 897 Laupersdorf
0%
BE 2 712 Lauperswil
0%
VD 1 054 Lavigny
0%
NE 311 Le Cerneux-Péquignot
0%
VD 4 707 Le Chenit
0%
VD 192 Les Clées
0%
NE 198 Les Planchettes
0%
NE 1 229 Les Ponts-de-Martel
0%
NE 649 Les Verrières
0%
VD 462 Lignerolle
0%
SH 1 624 Löhningen
0%
VD 551 Longirod
0%
VD 141 Lovatens
0%
TG 692 Mammern
0%
VD 510 Marchissy
0%
BE 586 Mattstetten
0%
TG 3 111 Matzingen
0%
VD 134 Mauborget
0%
SH 899 Merishausen
0%
VD 814 Mex
0%
NE 9 312 Milvignes
0%
VD 373 Missy
0%
VD 296 Moiry
0%
VD 322 Mollens
0%
VD 2 834 Montanaire
0%
VD 494 Montcherand
0%
VD 1 894 Montilliez
0%
VD 639 Montpreveyres
0%
VD 961 Montricher
0%
BE 114 Mont-Tramelan
0%
VD 1 142 Morrens
0%
TG 3 306 Müllheim
0%
BE 564 Münchenwiler
0%
BE 1 624 Müntschemier
0%
VD 146 Mutrux
0%
BE 5 771 Neuenegg
0%
TG 1 120 Neunforn
0%
BE 709 Niederhünigen
0%
VD 102 Novalles
0%
VD 1 180 Noville
0%
BE 315 Oberhünigen
0%
SO 868 Oekingen
0%
VD 332 Ogens
0%
VD 202 Oppens
0%
BE 659 Oppligen
0%
VD 598 Oulens-sous-Echallens
0%
VD 576 Pailly
0%
VD 1 536 Paudex
0%
VD 3 197 Penthalaz
0%
VD 438 Penthéréaz
0%
BE 484 Petit-Val
0%
TG 2 270 Pfyn
0%
BE 2 153 Plateau de Diesse
0%
VD 875 Poliez-Pittet
0%
VD 927 Pompaples
0%
VD 4 271 Prangins
0%
VD 233 Premier
0%
VD 5 215 Préverenges
0%
BE 937 Renan
0%
VD 931 Rennaz
0%
NE 1 325 Rochefort
0%
VD 574 Romainmôtier-Envy
0%
VD 88 Rossenges
0%
VD 528 Rossinière
0%
VD 199 Rovray
0%
BE 2 425 Rüderswil
0%
BE 2 451 Rüdtligen-Alchenflüh
0%
BE 3 278 Rüegsau
0%
VD 302 Rueyres
0%
BE 574 Rütschelen
0%
BE 618 Saicourt
0%
VD 829 Saint-Barthélemy
0%
VD 2 902 Saint-Cergue
0%
VD 1 060 Saint-George
0%
VD 698 Saint-Livres
0%
VD 451 Saint-Oyens
0%
VD 449 Saubraz
0%
VD 3 449 Savigny
0%
SH 1 807 Schleitheim
0%
VD 490 Senarclens
0%
VD 137 Sergey
0%
VD 2 174 Servion
0%
SH 895 Siblingen
0%
BE 2 664 Signau
0%
VD 606 Signy-Avenex
0%
BE 1 199 Sonvilier
0%
ZH 2 902 Stammheim
0%
TG 4 046 Steckborn
0%
TG 1 251 Stettfurt
0%
BE 3 425 Stettlen
0%
VD 669 Suchy
0%
VD 1 198 Sullens
0%
VD 217 Suscévaz
0%
VD 1 734 Tannay
0%
VD 250 Tartegnin
0%
VD 865 Tévenon
0%
TG 1 678 Thundorf
0%
BE 2 610 Toffen
0%
VD 1 928 Tolochenaz
0%
BE 912 Trachselwald
0%
SH 626 Trasadingen
0%
VD 522 Treycovagnes
0%
VD 109 Treytorrens (Payerne)
0%
ZH 1 095 Trüllikon
0%
ZH 470 Truttikon
0%
BE 4 514 Utzenstorf
0%
BE 3 973 Valbirse
0%
VD 703 Valeyres-sous-Montagny
0%
VD 583 Valeyres-sous-Rances
0%
VD 237 Valeyres-sous-Ursins
0%
VD 486 Vaulion
0%
VD 182 Vaux-sur-Morges
0%
BE 5 810 Vechigen
0%
VD 1 003 Veytaux
0%
VD 525 Villarzel
0%
BE 929 Villeret
0%
VD 635 Vucherens
0%
VD 1 335 Vufflens-la-Ville
0%
VD 882 Vufflens-le-Château
0%
VD 151 Vugelles-La Mothe
0%
VD 585 Vuiteboeuf
0%
VD 646 Vulliens
0%
VD 571 Vullierens
0%
BE 229 Wachseldorn
0%
TG 1 839 Wagenhausen
0%
BE 1 819 Walkringen
0%
BE 101 Wiggiswil
0%
SH 1 743 Wilchingen
0%
BE 380 Wileroltigen
0%
BE 193 Willadingen
0%
BL 448 Wittinsburg
0%
BE 1 708 Wynau
0%
BE 2 085 Wynigen
0%
VD 1 498 Yens
0%
VD 1 105 Yvorne
0%
BL 521 Zeglingen
0%
Nessun quiz corrispondente trovato
Distribuzione punteggi
Percentuale di utenti per punteggio
Percentile per numero di risposta
I tuoi punteggi nel tempo
Non hai fatto questo quiz dall'ultimo reset